Vidas paralelas: Dión - Bruto
שמור ב:
| מחבר ראשי: | |
|---|---|
| פורמט: | ספר |
| שפה: | ספרדית |
| יצא לאור: |
Buenos Aires
Espasa Calpe
1951
|
| סדרה: | Colección Austral, 1043
|
| נושאים: | |
| תגים: |
הוספת תג
אין תגיות, היה/י הראשונ/ה לתייג את הרשומה!
|
MARC
| LEADER | 00000nam a2200000 a 4500 | ||
|---|---|---|---|
| 001 | UCP4427 | ||
| 003 | CL-VaPUC | ||
| 008 | 990730e19510000AG |||||||||||||||||spa|d | ||
| 082 | 0 | 4 | |a 920.02 |b PLU |2 21 |
| 100 | 0 | |a Plutarco |e author |9 319084 | |
| 245 | 1 | 0 | |a Vidas paralelas: Dión - Bruto |
| 300 | |a 146 p | ||
| 942 | |c BK | ||
| 945 | |d 19990730 00:00:00 |a lriquelm | ||
| 260 | |a Buenos Aires |b Espasa Calpe |c 1951 | ||
| 600 | 0 | 7 | |a DION |2 CL-VaPUC |9 431941 |
| 600 | 0 | 7 | |a BRUTO |2 CL-VaPUC |9 387796 |
| 650 | 0 | |a Biografías clásicas |9 265901 | |
| 583 | |a last modification |c 19990730 00:00:00 |k Rodrigo Vera | ||
| 490 | 0 | |a Colección Austral, 1043 | |
| 999 | |c 282409 |d 282407 | ||
| 952 | |0 0 |1 0 |4 0 |6 920_020000000000000_PLU_1951 |7 0 |8 A |9 324101 |a BIBHIS |b BIBHIS |d 2019-11-20 |i 1367455 |o 920.02 PLU 1951 |p 1367455 |r 2023-01-25 |w 2019-11-20 |y BK |k HIS | ||